Law and the new developmental state : (Record no. 20477)
[ view plain ]
| 000 -LEADER | |
|---|---|
| fixed length control field | 01041cam a22002895a 4500 |
| 001 - CONTROL NUMBER | |
| control field | 016294554 |
| 003 - CONTROL NUMBER IDENTIFIER | |
| control field | OSt |
| 005 - DATE AND TIME OF LATEST TRANSACTION | |
| control field | 20160124123234.0 |
| 008 - FIXED-LENGTH DATA ELEMENTS--GENERAL INFORMATION | |
| fixed length control field | 121213s2014 nyu frb f001 0 eng d |
| 020 ## - INTERNATIONAL STANDARD BOOK NUMBER | |
| International Standard Book Number | 1107460107 |
| 020 ## - INTERNATIONAL STANDARD BOOK NUMBER | |
| International Standard Book Number | 9781107460102 |
| 040 ## - CATALOGING SOURCE | |
| Original cataloging agency | StDuBDS |
| Language of cataloging | eng |
| Transcribing agency | StDuBDS |
| Modifying agency | EG-ScBUE |
| 043 ## - GEOGRAPHIC AREA CODE | |
| Geographic area code | s-bl--- |
| -- | cl----- |
| 082 04 - DEWEY DECIMAL CLASSIFICATION NUMBER | |
| Classification number | 338.981 |
| Edition number | 22 |
| Item number | LAW |
| 245 00 - TITLE STATEMENT | |
| Title | Law and the new developmental state : |
| Remainder of title | the Brazilian experience in Latin American context / |
| Statement of responsibility, etc | edited by David M. Trubek ... [et al.] |
| 260 ## - PUBLICATION, DISTRIBUTION, ETC. (IMPRINT) | |
| Place of publication, distribution, etc | New York : |
| Name of publisher, distributor, etc | Cambridge University Press, |
| Date of publication, distribution, etc | 2014. |
| 300 ## - PHYSICAL DESCRIPTION | |
| Extent | viii, 379 p. ; |
| Dimensions | 24 cm. |
| 500 ## - GENERAL NOTE | |
| General note | Index : p. 369-379. |
| 500 ## - GENERAL NOTE | |
| General note | Originally published : 2013. |
| 504 ## - BIBLIOGRAPHY, ETC. NOTE | |
| Bibliography, etc | Includes bibliographical references. |
| 650 #7 - SUBJECT ADDED ENTRY--TOPICAL TERM | |
| Topical term or geographic name as entry element | Law and economic development. |
| Source of heading or term | BUEsh |
| 9 (RLIN) | 39154 |
| 651 #0 - SUBJECT ADDED ENTRY--GEOGRAPHIC NAME | |
| Geographic name | Brazil |
| General subdivision | Economic policy. |
| Source of heading or term | BUEsh |
| 9 (RLIN) | 39155 |
| 651 #0 - SUBJECT ADDED ENTRY--GEOGRAPHIC NAME | |
| Geographic name | Latin America |
| General subdivision | Economic policy. |
| Source of heading or term | BUEsh |
| 9 (RLIN) | 39156 |
| 653 ## - INDEX TERM--UNCONTROLLED | |
| Resource For college | BAEPS, Political Science |
| Arrived date list | August2015 |
| -- | January2016 |
| 700 1# - ADDED ENTRY--PERSONAL NAME | |
| Personal name | Trubek, David M., |
| Dates associated with a name | 1935- |
| Relator term | editor. |
| 942 ## - ADDED ENTRY ELEMENTS (KOHA) | |
| Source of classification or shelving scheme | Dewey Decimal Classification |
| Call number prefix | 338.981 LAW |
| Withdrawn status | Lost status | Source of classification or shelving scheme | Damaged status | Not for loan | Koha collection | Home library | Current library | Shelving location | Date acquired | Source of acquisition | Cost, normal purchase price | Serial Enumeration / chronology | Total Checkouts | Full call number | Barcode | Date last seen | Date last borrowed | Cost, replacement price | Koha item type |
|---|---|---|---|---|---|---|---|---|---|---|---|---|---|---|---|---|---|---|---|
| Dewey Decimal Classification | Baccah | Central Library | Central Library | First floor | 05/08/2015 | Purchase | 783.00 | 21765 | 2 | 338.981 LAW | 000030787 | 15/07/2025 | 17/04/2016 | 979.00 | Book - Borrowing |